00306nam a2200109Ia 450000500170000000800410001708200200005810000330007824500430011125000120015426400300016620251222152643.0251222s9999||||xx |||||||||||||| ||spa|| a468.61/L23/Ej.5 aLaos Ríos, Eusebio y otros 0aIkantakota Yatiribeitani Tsimeripayeni a1ra.ed. bMinisterio de Educación